000 00796nam a2200253 a 4500
001 BRCA_5188
005 20190320204957.0
008 700501s1969####it-a######---#000-0#eng-#
041 _aeng
044 _ait
050 4 _aNK9900
_b.L89 1969
100 1 _aLuzzato-Bilitz, Oscar
_913275
245 1 0 _aOriental Lacquer
_cOscar Luzzato-Bilitz ; translated by Pauline L. Phillips.
260 _aItalia
_bPaul Hamlyn
_c1969
300 _a158 p.
_bil. a color, 73 láminas
_c20 cm.
440 0 _aCameo
_913276
500 _aIncluye lista de ilustraciones
500 _aTraducción de: Lacche Orientali
500 _aDonación Dr. Héctor Rivero Borrell Vázquez
650 1 4 _aLaca oriental
_zItalia
_913277
700 1 _aPhillips, Pauline L.
_eTraductor
_913278
902 _aDHR
942 _2lcc
_cB
999 _c4882
_d4882